Statistics for Disney villain quotes

Click here to take the quiz!

General Stats

  • This quiz has been taken 71 times
  • The average score is 8 of 27

Answer Stats

QuoteVillain% Correct
"Who's been painting my roses red?"Queen of Hearts
86%
"I'm surrounded by idiots"Scar
70%
"Thinking you could defeat me. ME, the Mistress of All Evil!"Maleficent
66%
"If only there was someone out there who loved you."Hans
64%
"Fine. Now I'm the bad guy."Mother Gothel
59%
"DOUBLE THE TAXES! TRIPLE THE TAXES!!"Prince John
45%
"Yes! The power, the absolute power!"Jafar
41%
"Life's full of tough choices, innit?"Ursula
39%
"Memo to me. Maim you after my meeting."Hades
38%
"We'll lay siege to the castle and BRING BACK HIS HEAD!!!"Gaston
34%
"But freedom takes green."Dr Facilier
27%
Miserable, darling, as usual. Perfectly wretched."Cruella De Vil
25%
"You get down there and find the big diamond, or you will never see the teddy again!"Madame Medusa
23%
"And He shall smite the wicked and plunge them into the fiery pit!"Frollo
21%
"Welcome to the boss level"King Candy
21%
"Perhaps it was that chorizo, my friend."Ernesto De La Cruz
20%
Now, pig keeper, you shall die!"Horned King
20%
"I will destroy your happiness if it's the last thing I do"The Evil Queen
18%
"No! You knew it was unsafe! My daughter is gone because of your arrogance."Professor Callaghan
16%
"Then you will kneel in pieces!"Shan Yu
16%
"It's called a cruel irony...like my dependence on you."Yzma
16%
"You fool! isn't it clear to you? The superior mind has triumphed! I've won!"Ratigan
13%
"An extraordinary performance. And thank you for detaining my victim."Shere Khan
11%
"Sounds like someone's sick. How lovely."Madam Mim
9%
"Now don't cry, little girl. They only eat when I tell them to."Bill Sykes
7%
"You feed the madness and it feeds on you."Rumplestiltskin
4%
"The only way to achieve peace is through war"Cora
0%

Score Distribution

Percentile by Number Answered

Percent of People with Each Score

Your Score History

You have not taken this quiz